[Event "13th Sants Open"]
[Site "Barcelona ESP"]
[Date "2011.08.21"]
[Round "3"]
[Board "15"]
[White "Sowray, Peter J"]
[Black "Gonzalez Vidal, Yuri"]
[Result "1/2-1/2"]
[WhiteTitle "FM"]
[BlackTitle "GM"]
[WhiteElo "2350"]
[BlackElo "2503"]
[WhiteFideId "400971"]
[BlackFideId "3503321"]
[EventDate "2011.08.19"]

1. c4 Nf6 2. g3 e6 3. Bg2 d5 4. Nf3 Be7 5. O-O O-O 6. b3 b6 7. Bb2 Bb7 8. e3 c5
9. Nc3 dxc4 10. bxc4 Nc6 11. Qe2 Rc8 12. Rfd1 Qc7 13. Rac1 a6 14. d4 cxd4 15.
exd4 Na5 16. d5 Qxc4 17. Qe5 Qb4 18. Ba1 Nc4 19. Qg5 Ne4 20. Qf4 Nxf2 21. Kxf2
Bc5+ 22. Ke2 exd5 23. Nd4 Rce8+ 24. Kf2 Ne3 25. Rd2 Nf5 26. Ne2 Bd6 27. Rb2 Bxf4
28. Rxb4 Be3+ 29. Kf1 Nxd4 30. Bxd4 Bxc1 31. Rxb6 Rxe2 32. Kxe2 Bc8 33. Kf2 Ba3
34. Bf1 a5 35. Rb5 Bb4 36. a3 Bxa3 37. Rxa5 Be7 38. Rxd5 Rd8 39. Rxd8+ Bxd8 40.
Bd3 Be6 41. Be4 f5 42. Bf3 Kf7 43. Kg2 Bf6 44. Bxf6 Kxf6 45. Kf2 Ke5 46. Ke3 g5
47. Bd1 Bf7 48. Be2 Bg6 49. Bd1 h6 50. Be2 Bf7 51. Bd1 Bd5 52. Bh5 f4+ 53. gxf4+
gxf4+ 54. Kf2 Kf5 55. Be8 Kg5 56. Bd7 Be4 57. Be6 Bf5 58. Bc4 Bg4 59. Bd3 Kh4
60. Bf1 f3 61. Ke3 h5 62. Kf2 Bh3 63. Bxh3 Kxh3 64. Kxf3 Kxh2 65. Kf2 h4 66. Kf1
h3 67. Kf2 Kh1 68. Kf1 h2 69. Kf2 1/2-1/2

[Event "13th Sants Open"]
[Site "Barcelona ESP"]
[Date "2011.08.23"]
[Round "5"]
[Board "10"]
[White "Sanchez Ibern, Marc"]
[Black "Gonzalez Garcia, Jose"]
[Result "0-1"]
[WhiteTitle "FM"]
[BlackTitle "GM"]
[WhiteElo "2327"]
[BlackElo "2522"]
[WhiteFideId "2286300"]
[BlackFideId "5101174"]
[EventDate "2011.08.19"]

1. e4 e6 2. d4 d5 3. Nc3 Bb4 4. Bd3 dxe4 5. Bxe4 Nf6 6. Bf3 c5 7. Ne2 Nc6 8. Be3
cxd4 9. Nxd4 Nd5 10. Nxc6 bxc6 11. Qd4 O-O 12. Bxd5 c5 13. Qd2 exd5 14. a3 Bxc3
15. bxc3 Ba6 16. Bxc5 Re8+ 17. Be3 Qh4 18. Kd1 Re4 19. Kc1 Bc4 20. h3 h6 21. g3
Qe7 22. h4 Rb8 23. Qd1 Qb7 24. Kd2 Rd8 25. Qb1 Qc6 26. Re1 Rde8 27. Qb4 Qf6 28.
Bxa7 Re2+ 29. Rxe2 Rxe2+ 30. Kc1 Qf5 31. Qa4 Bb5 32. Qb3 Qe4 33. Bd4 Bc4 34. Qa4
Bb5 35. Qb3 Qe8 36. Qb4 Ba4 37. Ra2 Re1+ 38. Kb2 Bxc2 39. Ra1 Re2 40. Rc1 Bd3+
41. Ka1 Bc4 42. Qb1 Qe7 43. Qb8+ Kh7 44. Qb1+ g6 45. Qb2 Rxb2 46. Kxb2 Bd3 0-1

[Event "13th Sants Open"]
[Site "Barcelona ESP"]
[Date "2011.08.23"]
[Round "5"]
[Board "19"]
[White "Debray, Christopher"]
[Black "Gonzalez Vidal, Yuri"]
[Result "1/2-1/2"]
[WhiteTitle "FM"]
[BlackTitle "GM"]
[WhiteElo "2364"]
[BlackElo "2503"]
[WhiteFideId "630810"]
[BlackFideId "3503321"]
[EventDate "2011.08.19"]

1. d4 Nf6 2. c4 e6 3. Nc3 Bb4 4. e3 O-O 5. Ne2 d5 6. a3 Be7 7. cxd5 exd5 8. Nf4
a5 9. Bd3 c6 10. O-O Na6 11. Bc2 Nc7 12. f3 b5 13. e4 dxe4 14. fxe4 c5 15. d5
Ng4 16. h3 Ne5 17. Nd3 Nxd3 18. Bxd3 c4 19. Bc2 b4 20. axb4 axb4 21. Rxa8 Nxa8
22. Ne2 Qb6+ 23. Kh1 Bf6 24. Rf3 Bd7 25. Be3 Qd6 26. Bf4 Be5 27. Qd4 Bxd4 28.
Bxd6 Bxb2 29. Bxb4 Re8 1/2-1/2

[Event "13th Sants Open"]
[Site "Barcelona ESP"]
[Date "2011.08.24"]
[Round "6"]
[Board "14"]
[White "Panelo, Marcelo"]
[Black "Alonso Rosell, Alvar"]
[Result "0-1"]
[WhiteTitle "IM"]
[BlackTitle "IM"]
[WhiteElo "2413"]
[BlackElo "2502"]
[WhiteFideId "104213"]
[BlackFideId "2270544"]
[EventDate "2011.08.19"]

1. d4 d5 2. c4 c6 3. Nf3 Nf6 4. e3 Bf5 5. cxd5 cxd5 6. Qb3 Qc7 7. Bd2 Nc6 8. Bb5
e6 9. Bb4 Bd6 10. Qa3 Ne4 11. Bxc6+ Qxc6 12. Nbd2 O-O 13. Nxe4 Bxb4+ 14. Qxb4
Bxe4 15. Ne5 Qc7 16. O-O Rac8 17. f3 Bf5 18. g4 Bg6 19. Rac1 Qxc1 20. Rxc1 Rxc1+
21. Kg2 Rc7 22. Kg3 Rd8 23. h4 Bb1 24. Qe1 Bc2 25. g5 b6 26. h5 Kh8 27. Kf4 f6
28. gxf6 gxf6 29. Ng4 Rf7 30. Qc3 Ba4 31. Nh6 Rg7 32. Ng4 Rf7 33. b3 Be8 34. Qb4
Kg7 35. Qc3 Rf8 36. Qc7+ Rd7 37. Qc6 Kf7 38. a4 Ke7 39. a5 Bxh5 40. axb6 axb6
41. Nh6 Rb8 42. Qc3 Bg6 43. Qb4+ Rd6 44. Qa3 Rd8 45. Qb4 Kf8 46. Qe1 Kg7 47. Qh4
Rf8 48. Ng4 Rc6 49. Qh6+ Kg8 50. Qh4 Rc7 51. b4 h5 52. Nf2 Rc4 53. Kg3 e5 54. b5
Kf7 55. Qh3 Ke7 56. Qh4 Rg8 57. Kh2 Ke6 58. e4 dxe4 59. dxe5 fxe5 60. fxe4 Rf8
61. Qh3+ Kf6 62. Qg3 Rf7 63. Qd3 Rd4 64. Qg3 Rc7 65. Kh3 Rcc4 66. Qf3+ Kg7 67.
Qg3 Kf6 68. Qf3+ Ke6 69. Qf8 Bxe4 70. Qe8+ Kd5 71. Qd7+ Kc5 72. Qc7+ Kxb5 73.
Qxe5+ Ka6 74. Qxh5 Rc3+ 75. Kh2 Rd2 76. Qf7 Rxf2+ 0-1

[Event "13th Sants Open"]
[Site "Barcelona ESP"]
[Date "2011.08.26"]
[Round "8"]
[Board "13"]
[White "Swiercz, Dariusz"]
[Black "Matnadze, Ana"]
[Result "1-0"]
[WhiteTitle "GM"]
[BlackTitle "IM"]
[WhiteElo "2553"]
[BlackElo "2428"]
[WhiteFideId "1126881"]
[BlackFideId "13601377"]
[EventDate "2011.08.19"]

1. d4 Nf6 2. c4 e6 3. Nc3 Bb4 4. e3 Nc6 5. Ne2 d5 6. a3 Be7 7. cxd5 exd5 8. g3
h5 9. Bg2 Na5 10. h3 c6 11. f3 Qb6 12. b4 Nc4 13. e4 h4 14. g4 dxe4 15. fxe4
Nxg4 16. hxg4 Bxg4 17. Qd3 Qa6 18. b5 cxb5 19. Nd5 Bd8 20. O-O h3 21. Bf3 Bd7
22. Kh1 Rc8 23. Bf4 Qa5 24. Rg1 g6 25. Nec3 Qa6 26. Qe2 Qe6 27. Bg4 Qc6 28. Nb4
Bxg4 29. Qxg4 Qd7 30. Nxb5 Rh4 31. Qxd7+ Kxd7 32. Nd5 Nb6 33. Nxb6+ Bxb6 34.
Rgf1 Rc2 35. Rab1 f6 36. Nxa7 Bxa7 37. Rxb7+ Kc8 38. Rxa7 g5 39. Bxg5 Rxe4 40.
Bxf6 Ree2 41. Be5 1-0

[Event "13th Sants Open"]
[Site "Barcelona ESP"]
[Date "2011.08.27"]
[Round "9"]
[Board "3"]
[White "Kovalyov, Anton"]
[Black "Delgado Ramos, Hector"]
[Result "1/2-1/2"]
[WhiteTitle "GM"]
[BlackTitle "FM"]
[WhiteElo "2612"]
[BlackElo "2488"]
[WhiteFideId "114987"]
[BlackFideId "3504824"]
[EventDate "2011.08.19"]

1. Nf3 d5 2. d4 c6 3. c4 Nf6 4. e3 Bf5 5. Nc3 e6 6. Nh4 Bg6 7. Be2 Nbd7 8. O-O
Ne4 9. Nxg6 hxg6 10. cxd5 exd5 11. Nxe4 dxe4 12. d5 Bd6 13. g3 c5 14. Qa4 Qe7
15. Bb5 O-O-O 16. Bxd7+ Rxd7 17. b4 Qe5 18. bxc5 Bxc5 19. Ba3 Bxa3 20. Qxa7 Bd6
21. Rfc1+ Kd8 22. Qa8+ Bb8 23. Rab1 Ke7 24. Rxb7 Rd8 25. Rxd7+ Kxd7 26. a4 Ke7
27. Qb7+ Rd7 28. Qb4+ Bd6 29. Qb5 Ba3 30. Rd1 Qb2 31. Qc6 Bd6 32. a5 Rc7 33. Qa4
Qc2 34. Qa1 Qc3 35. Qb1 Qc2 36. Qa1 Qc3 37. Qb1 f5 38. a6 Qa5 39. Qb2 Qc3 40.
Qxc3 Rxc3 41. Ra1 Rc8 42. a7 Ra8 43. Ra6 Kd7 44. h4 Be5 45. Rxg6 Rxa7 46. Rg5
Kd6 47. Rxf5 Kxd5 48. Kg2 Ra2 49. Rg5 Ke6 50. Rg4 Kf5 51. Rg5+ Kf6 52. Rg4 Ra4
53. Kf1 Ke6 54. Kg2 Bf6 55. Rf4 1/2-1/2